000 00454pab a2200157 454500
008 180718b2011 xxu||||| |||| 00| 0 eng d
100 _aManasi, S. et al
245 _aBeyond the rhetoric of integrated water resources management: The case of the Tungabhadra Sub-basin
260 _c2011
300 _ap.52-60.
362 _a20 Aug
650 _aWater resources management
773 _aEconomic and Political Weekly
908 _aN
909 _a93011
999 _c93011
_d93011